| 000 | 00381nam a2200157Ia 4500 | ||
|---|---|---|---|
| 008 | 220216s9999 xx 000 0 und d | ||
| 100 | _aJoseph P | ||
| 245 | 0 | _aSmall pits for planting of rubber | |
| 260 |
_bRubber Board Bulletin _c2012 |
||
| 300 | _a10-Sep | ||
| 650 | _aPlanting pit | ||
| 650 | _aRubber planting | ||
| 700 | _aGeorge S | ||
| 700 | _aJessy M D | ||
| 942 | _cJS | ||
| 999 |
_c68760 _d68760 |
||